Not grim for contractors up north (Record no. 81830)

MARC details
000 -LEADER
fixed length control field 00796cab a22001935a 4500
001 - CONTROL NUMBER
control field L148427
008 - FIXED-LENGTH DATA ELEMENTS--GENERAL INFORMATION
fixed length control field 090916e20090604xxk f 000 0 eng d
035 ## - SYSTEM CONTROL NUMBER
System control number (Sirsi) u148427
041 0# - LANGUAGE CODE
Language code of text/sound track or separate title eng
100 1# - MAIN ENTRY--PERSONAL NAME
Personal name Handley, Lucy
245 00 - TITLE STATEMENT
Title Not grim for contractors up north
260 ## - PUBLICATION, DISTRIBUTION, ETC.
Date of publication, distribution, etc. 2009
490 ## - SERIES STATEMENT
Series statement Construction News
Volume/sequential designation (7120) 4 June 2009, 28-29(2)
520 ## - SUMMARY, ETC.
Summary, etc. Survey of large construction projects in Yorkshire and Humber. Many sectors have seen a decline in work but there was a 41% rise in the number of civil engineering projects on site. The top 30 projects total nearly £7bn of work. Glenigan forecasts a 61% increase in construction starts in quarter one of 2010.
590 ## - LOCAL NOTE (RLIN)
Local note KA
651 #4 - SUBJECT ADDED ENTRY--GEOGRAPHIC NAME
Geographic name Yorkshire
Chronological subdivision 1888-
690 ## - LOCAL SUBJECT ADDED ENTRY--TOPICAL TERM (OCLC, RLIN)
Topical term or geographic name as entry element BUILT ENVIRONMENT-CONSTRUCTION MARKET
942 ## - ADDED ENTRY ELEMENTS (KOHA)
Suppress in OPAC 0
Holdings
Withdrawn status Lost status Source of classification or shelving scheme Damaged status Not for loan Home library Current library Shelving location Date acquired Total Checkouts Full call number Barcode Date last seen Copy number Price effective from Koha item type
    Dewey Decimal Classification     London London Journal article 14/04/2011   L148427 148427-1001 06/08/2019 1 06/08/2019 Journal article